The orange girl / (Record no. 3032)

MARC details
000 -LEADER
fixed length control field 00834nam a2200241 ar4500
001 - CONTROL NUMBER
control field 3034
005 - DATE AND TIME OF LATEST TRANSACTION
control field 20221127090648.0
008 - FIXED-LENGTH DATA ELEMENTS--GENERAL INFORMATION
fixed length control field 121231s xxk 0001f|eng d
020 ## - INTERNATIONAL STANDARD BOOK NUMBER
International Standard Book Number 9780753819920(pbk) :
Terms of availability SR00.00
082 04 - DEWEY DECIMAL CLASSIFICATION NUMBER
Classification number 839.8274
Item number G11 2005
100 1# - MAIN ENTRY--PERSONAL NAME
Personal name Gaarder, Jostein.
245 14 - TITLE STATEMENT
Title The orange girl /
Statement of responsibility, etc. Jostein Gaarder ; translated byJames Anderson.
260 ## - PUBLICATION, DISTRIBUTION, ETC.
Place of publication, distribution, etc. London :
Name of publisher, distributor, etc. Phoenix,
Date of publication, distribution, etc. 2005.
300 ## - PHYSICAL DESCRIPTION
Extent 151 p. ;
Dimensions 20 cm.
500 ## - GENERAL NOTE
General note Originally published by: Weidenfed # Nicolson, 2004.
546 ## - LANGUAGE NOTE
Language note Translated from the Norwegian.
650 #4 - SUBJECT ADDED ENTRY--TOPICAL TERM
Topical term or geographic name entry element Detective and mystery stories.
650 #4 - SUBJECT ADDED ENTRY--TOPICAL TERM
Topical term or geographic name entry element Norwegian fiction
General subdivision Translations into English.
650 #4 - SUBJECT ADDED ENTRY--TOPICAL TERM
Topical term or geographic name entry element Norwegian literature
Chronological subdivision 20th century.
650 #4 - SUBJECT ADDED ENTRY--TOPICAL TERM
Topical term or geographic name entry element English fiction
General subdivision Foreign countries.
650 #4 - SUBJECT ADDED ENTRY--TOPICAL TERM
Topical term or geographic name entry element Fathers and sons
Form subdivision Fiction.
700 0# - ADDED ENTRY--PERSONAL NAME
Personal name Anderson, James,
Relator term tr.
Holdings
Withdrawn status Lost status Source of classification or shelving scheme Damaged status Not for loan Home library Current library Date acquired Total Checkouts Total Renewals Full call number Barcode Date due Date last seen Date last checked out Copy number Price effective from Koha item type
            WOMEN 11/27/2022 1 1 839.8274 G11 2005 1000000010829 04/01/2024 03/04/2024 03/04/2024 c1 11/27/2022 Book